h1

h2

h3

h4

h5
h6
000571126 001__ 571126
000571126 005__ 20230512150502.0
000571126 0247_ $$2BIOSIS$$aPREV201600244477
000571126 0247_ $$2HSB$$aeva24459
000571126 0247_ $$2ISSN$$a1663-9812
000571126 0247_ $$2SCOPUS$$aSCOPUS:2-s2.0-84962018355
000571126 0247_ $$2WOS$$aWOS:000370752000001
000571126 0247_ $$2datacite_doi$$a10.18154/RWTH-CONV-092537
000571126 0247_ $$2doi$$a10.3389/fphar.2016.00033
000571126 0247_ $$2pmid$$apmid:26941644
000571126 037__ $$aRWTH-CONV-092537
000571126 041__ $$aEnglish
000571126 1001_ $$0P:(DE-82)480258$$aSchon, Hans-Theo$$b0
000571126 245__ $$aPharmacological Intervention in Hepatic Stellate Cell Activation and Hepatic Fibrosis$$honline
000571126 260__ $$aLausanne$$bFrontiers Media$$c2016
000571126 3367_ $$00$$2EndNote$$aJournal Article
000571126 3367_ $$0PUB:(DE-HGF)16$$2PUB:(DE-HGF)$$aJournal Article$$bjournal$$mjournal
000571126 3367_ $$2BibTeX$$aARTICLE
000571126 3367_ $$2DRIVER$$aarticle
000571126 3367_ $$2DataCite$$aOutput Types/Journal article
000571126 3367_ $$2ORCID$$aJOURNAL_ARTICLE
000571126 591__ $$aGermany
000571126 7001_ $$0P:(DE-82)000408$$aBartneck, Matthias$$b1
000571126 7001_ $$0P:(DE-82)038668$$aBorkham-Kamphorst, Erawan$$b2
000571126 7001_ $$0P:(DE-82)043100$$aNattermann, Jacob$$b3
000571126 7001_ $$0P:(DE-82)016376$$aLammers, Twan$$b4
000571126 7001_ $$0P:(DE-82)001476$$aTacke, Frank$$b5
000571126 7001_ $$0P:(DE-82)IDM05726$$aWeiskirchen, Ralf$$b6$$eCorresponding author$$urwth
000571126 773__ $$0PERI:(DE-600)2587355-6$$a10.3389/fphar.2016.00033$$p33$$tFrontiers in pharmacology$$v7$$x1663-9812
000571126 8564_ $$uhttps://publications.rwth-aachen.de/record/571126/files/571126.pdf$$yOpenAccess
000571126 8564_ $$uhttps://publications.rwth-aachen.de/record/571126/files/571126.gif?subformat=icon$$xicon$$yOpenAccess
000571126 8564_ $$uhttps://publications.rwth-aachen.de/record/571126/files/571126.jpg?subformat=icon-180$$xicon-180$$yOpenAccess
000571126 8564_ $$uhttps://publications.rwth-aachen.de/record/571126/files/571126.jpg?subformat=icon-700$$xicon-700$$yOpenAccess
000571126 8564_ $$uhttps://publications.rwth-aachen.de/record/571126/files/571126.pdf?subformat=pdfa$$xpdfa$$yOpenAccess
000571126 909CO $$ooai:publications.rwth-aachen.de:571126$$popenaire$$popen_access$$pVDB$$pdriver$$pdnbdelivery
000571126 9141_ $$y2016
000571126 9151_ $$0StatID:(DE-HGF)0031$$2StatID$$aPeer reviewed article$$x0
000571126 915__ $$0LIC:(DE-HGF)CCBY4$$2HGFVOC$$aCreative Commons Attribution CC BY 4.0
000571126 915__ $$0StatID:(DE-HGF)0500$$2StatID$$aDBCoverage$$bDOAJ
000571126 915__ $$0StatID:(DE-HGF)0510$$2StatID$$aOpenAccess
000571126 9201_ $$0I:(DE-82)526000-3_20140620$$k526000-3$$lLehrstuhl für Molekulare Pathobiochemie, experimentelle Gentherapie und klinische Chemie$$x0
000571126 9201_ $$0I:(DE-82)531030-2_20140620$$k531030-2$$lLehrstuhl für Innere Medizin (mit dem Schwerpunkt Gastroenterologie und Stoffwechselkrankheiten)$$x1
000571126 9201_ $$0I:(DE-82)9795400_20140620$$k9795400$$lInstitut für Biomedizinische Technologien - Experimentelle Molekulare Bildgebung$$x2
000571126 961__ $$c2016-03-08$$x2016-03-10$$z2016-03-15
000571126 970__ $$aeva24459
000571126 9801_ $$aFullTexts
000571126 980__ $$aI:(DE-82)526000-3_20140620
000571126 980__ $$aI:(DE-82)531030-2_20140620
000571126 980__ $$aI:(DE-82)9795400_20140620
000571126 980__ $$aIMPORT
000571126 980__ $$aUNRESTRICTED
000571126 980__ $$aVDB
000571126 980__ $$ajournal